| 000 | 00411nam a2200169Ia 4500 | ||
|---|---|---|---|
| 008 | 230524s9999 xx 000 0 und d | ||
| 020 | _a9788126529803 | ||
| 082 |
_a6.78 _bSOS |
||
| 100 | _aBarrie Sosinsky | ||
| 245 | 0 | _aCloud Computing:Bible | |
| 250 | _a1 | ||
| 260 |
_aNew Delhi _bWiley _c2018 |
||
| 300 | _a"xxviii,497p;" | ||
| 500 | _aQuantity Number: 60 | ||
| 650 | _aComputer Science | ||
| 942 | _cBK | ||
| 999 |
_c59952 _d59952 |
||